A pastoral rule for today : (Record no. 8836)

MARC details
000 -LEADER
fixed length control field 02857cam a2200373 i 4500
001 - CONTROL NUMBER
control field 1057306845
003 - CONTROL NUMBER IDENTIFIER
control field OCoLC
005 - DATE AND TIME OF LATEST TRANSACTION
control field 20241126110659.0
008 - FIXED-LENGTH DATA ELEMENTS--GENERAL INFORMATION
fixed length control field 190122s2019 ilu b 001 0 eng
010 ## -
-- 2019002862
020 ## - INTERNATIONAL STANDARD BOOK NUMBER
International Standard Book Number 9780830852345
Qualifying information (pbk. : alk. paper)
020 ## - INTERNATIONAL STANDARD BOOK NUMBER
International Standard Book Number 0830852344
035 ## - SYSTEM CONTROL NUMBER
System control number (OCoLC)1057306845
040 ## - CATALOGING SOURCE
Original cataloging agency DLC
Language of cataloging eng
Description conventions rda
Transcribing agency DLC
Modifying agency OCLCF
-- DTM
-- DLC
-- OCLCO
-- BDX
-- WTS
-- OCLCO
-- WIO
042 ## -
-- pcc
050 00 -
-- BV4011.3
-- .B865 2019
082 00 - DEWEY DECIMAL CLASSIFICATION NUMBER
Classification number 253
Edition information 23
Item number BUR
092 ## - LOCALLY ASSIGNED DEWEY CALL NUMBER (OCLC)
Classification number 253
Item number B91p
100 1# - MAIN ENTRY--PERSONAL NAME
Personal name Burgess, John P.,
Dates associated with a name 1954-
Authority record control number or standard number http://id.loc.gov/authorities/names/n90639284
Relator term author.
9 (RLIN) 15537
245 12 - TITLE STATEMENT
Title A pastoral rule for today :
Remainder of title reviving an ancient practice /
Statement of responsibility, etc. John P. Burgess, Jerry Andrews, and Joseph D. Small.
264 #1 - PRODUCTION, PUBLICATION, DISTRIBUTION, MANUFACTURE, AND COPYRIGHT NOTICE
Place of production, publication, distribution, manufacture Downers Grove, Illinois :
-- Secunderabad:
Name of producer, publisher, distributor, manufacturer IVP Academic, an imprint of InterVarsity Press,
-- Good Shepherd books,
Date of production, publication, distribution, manufacture, or copyright notice [2019]
-- 2019.
300 ## - PHYSICAL DESCRIPTION
Extent 194 pages ;
Dimensions 23 cm
336 ## - CONTENT TYPE
Content type term text
Content type code txt
Source rdacontent
337 ## - MEDIA TYPE
Media type term unmediated
Media type code n
Source rdamedia
338 ## - CARRIER TYPE
Carrier type term volume
Carrier type code nc
Source rdacarrier
504 ## - BIBLIOGRAPHY, ETC. NOTE
Bibliography, etc. note Includes bibliographical references and index.
505 0# - FORMATTED CONTENTS NOTE
Formatted contents note Why pastors need a rule -- The grace of theological friendships: Augustine -- The work of obedience: Benedict -- The holiness that stoops to serve: Gregory the Great -- All the ministers shall meet together: John Calvin -- Choosing your words carefully: John Wesley -- The pastor's study: John Henry Newman -- The gift of physical presence: Dietrich Bonhoeffer -- A contemporary pastoral rule -- Developing and practicing a pastoral rule.
520 ## - SUMMARY, ETC.
Summary, etc. The pastoral office has always been a difficult calling. Today, the pastor is often asked to fulfill multiple roles: preacher, teacher, therapist, administrator, CEO. How can pastors thrive amid such demands? What is needed is a contemporary pastoral rule: a pattern for ministry that both encourages pastors and enables them to focus on what is most important in their pastoral task. This book, coauthored by three experts with decades of practical experience, explains how relying on a pastoral rule has benefited communities throughout the church's history and how such rules have functioned in the lives and work of figures such as Augustine, Calvin, Wesley, and Bonhoeffer. It also provides concrete advice on how pastors can develop and keep a rule that will help both them and their congregations to flourish.
650 #0 - SUBJECT ADDED ENTRY--TOPICAL TERM
Topical term or geographic name entry element Pastoral theology.
Authority record control number or standard number http://id.loc.gov/authorities/subjects/sh85098604
9 (RLIN) 414
700 1# - ADDED ENTRY--PERSONAL NAME
Personal name Andrews, Jerry,
Dates associated with a name 1953-
Authority record control number or standard number http://id.loc.gov/authorities/names/no2018156706
9 (RLIN) 15538
700 1# - ADDED ENTRY--PERSONAL NAME
Personal name Small, Joseph D.
Authority record control number or standard number http://id.loc.gov/authorities/names/n97048777
9 (RLIN) 15539
776 08 - ADDITIONAL PHYSICAL FORM ENTRY
Relationship information Online version:
Main entry heading Burgess, John P., 1954- author.
Title Pastoral rule for today
Place, publisher, and date of publication Downers Grove : InterVarsity Press, 2019
International Standard Book Number 9780830873029
Record control number (DLC) 2019007434
942 ## - ADDED ENTRY ELEMENTS (KOHA)
Source of classification or shelving scheme Dewey Decimal Classification
Koha item type Books
Koha issues (borrowed), all copies 1
Holdings
Withdrawn status Lost status Source of classification or shelving scheme Damaged status Not for loan Home library Current Library Shelving location Date acquired Total checkouts Full call number Barcode Date last seen Copy number Price effective from Koha item type Date last checked out
    Dewey Decimal Classification     GRACE BIBLE COLLEGE GRACE BIBLE COLLEGE Ministry & Mission 2021-11-15   253 BUR 015317 2025-05-01 c.1 2021-11-15 Books  
    Dewey Decimal Classification     GRACE BIBLE COLLEGE GRACE BIBLE COLLEGE Ministry & Mission 2022-12-16 1 253 BUR 015955 2025-05-01 c.2 2022-12-16 Books 2023-10-06
© Grace Bible College Library 2025